African Countries With Most Skyscrapers - Statistics

General Stats
  • This quiz has been taken 80 times
  • The average score is 13 of 15
Answer Stats
No Country % Correct
15 Egypt
100%
50 South africa
99%
5 Algeria
97%
11 Nigeria
97%
21 Ethiopia
96%
44 Kenya
94%
8 Tanzania
93%
17 Angola
90%
6 Libya
89%
1 Sudan
85%
5 Ivory coast
78%
2 Zimbabwe
78%
5 Mozambique
75%
5 Drc
61%
2 Morroco
19%
No matching quizzes found
Score Distribution
Percent of People with Each Score
Percentile by Number Answered
Your Score History
You have not taken this quiz